000
00311nam a2200109Ia 4500
008
201231s9999 xx 000 0 und d
100
_a
Tanenbaum, Andrew S. and Woodhull, Albert S.
245
0
_a
Operating Systems : Design and Implementation
260
_a
New Delhi
_b
Prentice - Hall
300
_a
939
942
_c
BK
999
_c
9775
_d
9775